• 首页
  • 本馆介绍
  • 公告通知
  • 最新文献
  • 馆藏检索
  • 电子资源
  • 读者导购
  • 参考咨询
  • 我的图书馆
  • 登录
  • 详细信息显示
  • 放入我的书架
  • 预约/预借图书
  • 作者相关作品
  • 分类相关作品
  • 丛书相关作品
  • 出版社相关作品

书目信息

  • 表格格式
  • 工作单格式
  • 卡片格式
题名:
商业银行经营管理
    
 
作者: 张立迎 , 张璇 主编
分册:  
出版信息: 北京   科学出版社  2013
页数: 11,301页
开本: 26cm
丛书名:
单 册:
中图分类: F830.33
科图分类:
主题词: 商业银行--经营管理--高等学校--教材 , 商业银行 , 经营管理
电子资源:
ISBN: 978-7-03-036386-2
000 01149nam0 2200301 450
001 523
005 20140909102207.87
010    @a978-7-03-036386-2@dCNY34.00
100    @a20130821d2013 em y0chiy50 ea
101 0  @achi
102    @aCN@b110000
105    @ay z 000yy
106    @ar
200 1  @a商业银行经营管理@AShang Ye Yin Xing Jing Ying Guan Li@f张立迎,张璇主编@FZhang Li Ying, Zhang Xuan Zhu Bian
210    @a北京@c科学出版社@d2013
215    @a11,301页@d26cm
300    @a普通高等教育“十二五”规划教材 高等院校金融类教材系列
312    @a封面英文题名:Management of commercial bank
330    @a本书主要介绍了商业银行资本、负债、现金资产、贷款、投资、表外、国际等各项业务的基本特点、理论和运作方式,以及针对资产与负债等业务的收入和成本,为获取最大利润而如何进行商业银行经营管理等内容。
510 1  @aManagement of commercial bank@zeng
606 0  @a商业银行@x经营管理@x高等学校@j教材
606 0  @a商业银行
606 0  @a经营管理
690    @aF830.33@v5
701  0 @a张立迎@AZhang Li Ying@4主编
701  0 @a张璇@AZhang Xuan@f(1977~)@4主编
801  0 @aCN@bTANGWEI@c20140603
905    @b0841424-26@dF830.33@e239@f3
    
    商业银行经营管理/张立迎,张璇主编.-北京:科学出版社,2013
    11,301页;26cm
    普通高等教育“十二五”规划教材 高等院校金融类教材系列
    
    ISBN 978-7-03-036386-2:CNY34.00
    本书主要介绍了商业银行资本、负债、现金资产、贷款、投资、表外、国际等各项业务的基本特点、理论和运作方式,以及针对资产与负债等业务的收入和成本,为获取最大利润而如何进行商业银行经营管理等内容。
●
相关链接 在E读中查询图书 在五车中查询图书 在当当中查询图书 在豆瓣中查询图书


正题名:商业银行经营管理     索取号:F830.33/239         预约/预借

序号 登录号 条形码 馆藏地/架位号 状态 备注
1 0841424   208414241   第一样本阅览室/ [索取号:F830.33/239] 在馆    
2 0841425   208414250   经管系资料室/ [索取号:F830.33/239] 在馆    
3 0841426   208414269   第一借阅区/ [索取号:F830.33/239] 在馆    
唐山师范学院图书馆 欢迎您!
大连网信软件有限公司© 版权所有